Banjo Kazooie/Tooie Trivia - Statistics

General Stats
  • This quiz has been taken 57 times
  • The average score is 25 of 30
Answer Stats
Question Answer % Correct
In the level Mad Monster Mansion, what does Mumbo Jumbo transform Banjo and Kazooie into? A pumpkin
100%
What device is used to take shortcuts around Gruntilda's lair once you have discovered a pair of them? Cauldrons
100%
In the level Gobi's Valley, you must help a struggling tree get water to grow to find a Jiggie. How do you obtain this water? Hitting Gobi the camel on the back
100%
What is the first level of Banjo Kazooie called? Mumbos Mountain
100%
In the first games final battle with Gruntilda, what is the name of the statue that helps you defeat her? The Jinjonator
100%
Banjo's Sister Tootie is kidnapped in the first game by Gruntilda and Banjo must rescue her. Why does Gruntilda kidnap her? To steal her youth and beauty
100%
Which annoying character do you race for a Jiggy in Glitter Gulch Mine? Canary Mary
96%
Mr. Boggy is a character in Freezeezy Peak in Banjo Kazooie who you race for Jiggies. What else must you do to help him in this level? Find presents for his children
96%
The first level unlocked in Banjo Tooie is what? Mayahem Temple
96%
Click Clock Wood has a Mumbo Jumbo transformation, but only in one season. Which season can you transform in? Spring
96%
In the first world of Banjo Kazooie, Bear and bird get the ability to climb steep slopes. What is this ability called? Talon Trot
96%
Mumbo Jumbo does magical spells in Banjo Tooie. Who takes over for him in transforming Banjo and Kazooie? Humba Wumba
91%
In Banjo Tooie, worlds are unlocked in whose temple? Master Jiggywiggy
91%
What level in Banjo Kazooie contains oily water that drains air twice as fast as normal from Banjo and Kazooie? Rusty Bucket Bay
91%
Mumbo Jumbo transforms Banjo into many things in the first game. What does he NOT transform him into? Submarine
91%
Witchyworld has several themed areas to it. Which area theme does it not have? Wizardry/Fantasy
87%
In Bubblegloop Swamp, you must compete against a red crocodile to eat more jumblies inside of a giant crocodile head, what is this crocodiles name? Vile
83%
There are Giant Squids in Jolly Roger's Lagoon blocking the way to other areas underwater. How do you get past them? Use ice eggs to freeze the squid temporarily
78%
Hailfire Peaks has two bosses. What are there names? Chili Willy and Chili Billy
74%
There is a shark patrolling the waters of Rusty Bucket Bay and Treasure Trove Cove. What is his name? Snacker
74%
The picture to unlock Click Clock Wood is reachable early on in the game in Banjo Kazooie, why can't the player unlock the level early? The Jigsaw platform for the picture is missing
74%
What are the fates of George and Mildred ice cube in Banjo Tooie? Banjo kills Mildred and George melts
65%
The main entrance to Grunty industries is closed upon entering the world. How do you get into the building? Find a train switch and use Chuffy the train
65%
Gruntilda has an assistant that suffers much abuse during Banjo Tooie and gets progressively less handsome. What is his name? Klungo
65%
Mumbo does many spells in Banjo Tooie, which of these does he not do? Thunder
65%
How many floors does Grunty Industries have, excluding the roof? 5
61%
The final area of the game was supposed to be a full level with 10 jiggies, but was reduced to a short area before the final boss. What level is it? Cauldron Keep
61%
Bottles teaches the player moves in the first game, but is dead in the second game. Who teaches moves instead? Jamjars
61%
Cloud Cuckooland is the final main level of Banjo Tooie. What odd sight does it NOT have? A giant nest
57%
How many notes and jiggies are needed to reach the final battle with Gruntilda? 94 jiggies and 810 notes
48%
No matching quizzes found
Score Distribution
Percent of People with Each Score
Percentile by Number Answered
Your Score History
You have not taken this quiz